Personal exemptions in the income tax (Record no. 500958)

000 -LEADER
fixed length control field 00429cam a22001337a 4500
008 - FIXED-LENGTH DATA ELEMENTS--GENERAL INFORMATION
fixed length control field 180718b1968 xxu||||| |||| 00| 0 eng d
082 ## - DEWEY DECIMAL CLASSIFICATION NUMBER
Classification number L243x73 Se49
100 ## - MAIN ENTRY--PERSONAL NAME
Personal name Seltzer, Lawrence H.
245 ## - TITLE STATEMENT
Title Personal exemptions in the income tax
Statement of responsibility, etc. by Lawrence H. Seltzer
260 ## - PUBLICATION, DISTRIBUTION, ETC.
Place of publication, distribution, etc. New York
Name of publisher, distributor, etc. National Bureau of Economic Research
Date of publication, distribution, etc. 1968
300 ## - PHYSICAL DESCRIPTION
Extent 222p.
440 ## - SERIES STATEMENT/ADDED ENTRY--TITLE
Title Fiscal studies
650 ## - SUBJECT ADDED ENTRY--TOPICAL TERM
Topical term or geographic name entry element Income tax, Personal exemptions --USA
Holdings
Withdrawn status Lost status Damaged status Not for loan Permanent Location Current Location Date acquired Full call number Barcode Date last seen Price effective from Koha item type
        Indian Institute of Public Administration Indian Institute of Public Administration 2018-08-04 L243x73 Se49 GR8124 2018-08-04 2018-08-04 GR

Powered by Koha